000 00658nam a2200241Ia 4500
003 OSt
005 20221005100540.0
006 a|||||r|||| 00| 0
007 ta
008 221004b |||||||| |||| 00| 0 eng d
024 _a62914
037 _cTextual
040 _aCRL
_cCRL
_beng
041 _2eng
_aeng
082 _aW7x, N8
100 _aHollis Daniel Webster
_9621202
245 0 _aABC clio world history companian to Utopian movements
260 _aSanta Barbara
_bABC-Clio
_c1998
300 _a303p
_ccm.
650 _aPOLITICAL SCIENCE
942 _hW7x, N8
_cTEXL
_2cc
999 _c1005354
_d1005354